00000000nam 2200000zi 4500
0019.947281
003CaOODSP
00520250303103444
006m     o  d f      
007cr |n|||||||||
008250122s1949    oncad   o    f000 0 eng d
040 |aCaOODSP|beng|erda|cCaOODSP
043 |an-cn-qu
0861 |aA52-265/1949E-PDF
0861 |zA51-91E-PDF
1001 |aBordeleau, Richard, |d1902- |eauthor.
24510|aDominion Experimental Station, L'Assomption, Que. : |bprogress report, 1937-1946 / |cR. Bordeleau.
264 1|aOttawa, Canada : |bMinister of Agriculture, |c[1949]
300 |a1 online resource (80 pages) : |billustrations, chart
336 |atext|btxt|2rdacontent
337 |acomputer|bc|2rdamedia
338 |aonline resource|bcr|2rdacarrier
500 |aIssued also in French under title: Station expérimentale fédérale de L'Assomption (P.Q.) : rapport décennal, 1937-1946.
500 |aDigitized edition from print [provided by Agriculture and Agri-Food Canada].
61010|aCanada. |bExperimental Farm (L'Assomption, Québec)
650 0|aAgricultural experiment stations|zQuébec (Province)|zL'Assomption.
7101 |aCanada. |bExperimental Farm (L'Assomption, Québec), |eissuing body.
7101 |aCanada. |bExperimental Farms Service, |eissuing body.
77508|tStation expérimentale fédérale de L'Assomption (P.Q.) : |w(CaOODSP)9.947285
85640|qPDF|s13.90 MB|uhttps://publications.gc.ca/collections/collection_2024/aac-aafc/A51-91-1937-eng.pdf